Know your TICKLD memes Quiz Stats

 Plays Quiz not verified by Sporcle

Support Sporcle.
Go Orange.
Score 0/25 Timer 10:00
0 Plays Today
% Correct
One Does Not Simply
81%
Y U No
72.9%
Ain't Nobody Got Time For That
68.6%
Bad Luck Brian
62.6%
Shut up and take my money!
62.6%
Confession Bear
58.7%
First World Problems
58.6%
Good Guy Greg
57.1%
Socially Awkward Penguin
56.4%
Scumbag Steve
54.6%
Pepperidge Farm remembers
46.6%
Success Kid
40.6%
The most interesting man in the world
40.6%
% Correct
Socially Awesome Penguin
39.4%
Winter is coming
38.6%
Am I the Only One Around Here?
36.4%
90s Problems
21.6%
Everybody loses their minds
19.1%
Futurama Fry
17.7%
Advice Dog
14.3%
Ancient Aliens
12.9%
Annoyed Picard
9.7%
Disaster Girl
9.1%
Skeptical Baby
8.9%
Say that again
6.4%

You're not logged in!

Compare scores with friends on all Sporcle quizzes.
OR
Log In
Remove Ads.
Support Sporcle.
Get the best of Sporcle when you Go Orange. This ad-free experience offers more features, more stats, and more fun while also helping to support Sporcle. Thank you for becoming a member.

Show Comments

Extras

Top Quizzes Today


Score Distribution

Your Account Isn't Verified!

In order to create a playlist on Sporcle, you need to verify the email address you used during registration. Go to your Sporcle Settings to finish the process.

Report this User

Report this user for behavior that violates our Community Guidelines.

Details: